Chansons de Clara Luciani - Statistiques

Statistiques générales
  • Ce quiz a été pris 73 fois
    50 depuis la dernière actualisation
  • Le résultat moyen est 23 sur 48
Statistiques - réponses
Album Titre % Correct
Sainte-Victoire 1 La Grenade
94%
Cœur 1 Cœur
82%
Sainte-Victoire 16 Ma sœur
79%
Mon Sang 3 Mon Sang
79%
Cœur 2 Le Reste
76%
Cœur 5 Respire encore
76%
Mon Sang 1 Cette vie
70%
Mon Sang 2 Tout pour moi
70%
Cœur 6 Amour toujours
67%
Sainte-Victoire 2 La Baie
64%
Mon Sang 6 Roule
64%
Mon Sang 9 Courage
61%
Mon Sang 11 Ma mère
61%
Sainte-Victoire 12 Nue
61%
Mon Sang 13 Forget Me Not
58%
Cœur 8 Sad & Slow
58%
Sainte-Victoire 11 Sainte-Victoire
58%
Cœur 15 Bravo tu as gagné
55%
Mon Sang 7 Chagrin d'ami
55%
Sainte-Victoire 5 Les Fleurs
55%
Mon Sang 4 Romance
55%
Mon Sang 8 Interlude
52%
Cœur 3 Le Chanteur
48%
Cœur 11 Au revoir
45%
Sainte-Victoire 7 Drôle d'époque
45%
Sainte-Victoire 8 Monstre d'amour
45%
Cœur 4 Tout le monde (sauf toi)
45%
Mon Sang 5 Allez
42%
Cœur 10 Bandit
42%
Mon Sang 10 Seule
39%
Mon Sang 12 Tant pis
39%
Cœur 7 J'sais pas plaire
36%
Cœur 14 Mes amis et moi
36%
Cœur 9 La Place
33%
Sainte-Victoire 13 Mon ombre
33%
Sainte-Victoire 10 Dors
30%
Sainte-Victoire 18 Emmanuelle
30%
Sainte-Victoire 6 Comme toi
27%
Cœur 12 Dansons tant qu’on est vivant
27%
Cœur 13 C’est l’amour
24%
Sainte-Victoire 19 Cette chanson
24%
Sainte-Victoire 4 Eddy
24%
Sainte-Victoire 20 La chanson de Delphine
24%
Sainte-Victoire 3 On ne meurt pas d'amour
24%
Sainte-Victoire 15 Bovary
21%
Sainte-Victoire 17 Allô
18%
Sainte-Victoire 14 Qu'est-ce que t'es beau
18%
Sainte-Victoire 9 La Dernière Fois
15%
Aucun quiz correspondant
Distribution des résultats
% des personnes avec chaque résultat
Percentile par nombre de réponses
Votre historique - résultats
Vous n’avez pas pris ce quiz depuis la dernière actualisation